Modification of deproteinised natural rubber by graft-copolymerisation of methyl methacrylate (Record no. 63100)

MARC details
000 -LEADER
fixed length control field 00612nam a2200205Ia 4500
100 ## - MAIN ENTRY--AUTHOR NAME
Personal name Yusof Nurul HayatiKawahara Seiichi
245 #0 - TITLE STATEMENT
Title Modification of deproteinised natural rubber by graft-copolymerisation of methyl methacrylate
260 ## - PUBLICATION, DISTRIBUTION, ETC. (IMPRINT)
Name of publisher Journal of Rubber Research
Year of publication 2008
300 ## - PHYSICAL DESCRIPTION
Number of Pages 97-110
520 ## - SUMMARY, ETC.
Summary, etc DL
650 ## - SUBJECT ADDED ENTRY--TOPICAL TERM
Topical Term Deproteinisation
650 ## - SUBJECT ADDED ENTRY--TOPICAL TERM
Topical Term Graft-copolymerisation
650 ## - SUBJECT ADDED ENTRY--TOPICAL TERM
Topical Term Methyl methacrylate
650 ## - SUBJECT ADDED ENTRY--TOPICAL TERM
Topical Term Sodium dodecyl sulfate (SDS)
650 ## - SUBJECT ADDED ENTRY--TOPICAL TERM
Topical Term U-DPNR latex
650 ## - SUBJECT ADDED ENTRY--TOPICAL TERM
Topical Term Urea
700 ## - ADDED ENTRY--PERSONAL NAME
Personal name Mazam Md Said
942 ## - ADDED ENTRY ELEMENTS (KOHA)
Koha item type Journals
Holdings
Withdrawn status Lost status Damaged status Not for loan Home library Current library Shelving location Date acquired Serial Enumeration / chronology Koha item type
      Journals RRII Library RRII Library Rubber technology 03/11/2008 Volume 11, Issue 2 Journals